000 00814nam a22002297a 4500
999 _c19648
_d19648
003 AR-CdUCM
008 190401b ||||| |||| 00| 0 spa d
040 _aMUNICIPALIDAD PROVINCIAL DEL CUSCO
_cBIBLIOTECA MUNICIPAL DEL CUSCO
082 _a860.82 /
_bS21
100 _aSánchez, Luis Alberto
_9401
245 _aUna mujer sola contra el mundo /
260 _aLima :
_bVillanueva,
_c1957.
300 _a245 páginas ;
_c22 cm.
440 _aEscritores latinoamericanos ;
_91888
505 _aContenido: El emigrado -- Le petit bolívar -- El casamiento de Flora -- Primera peregrinación de una paria -- Un corazón a vivo fuego ...
650 _aLiteratura peruana
_9169
650 _aNovela
_95
650 _aBiografía
_922
700 _aBonilla Amado, José
_96069
942 _2ddc
_cLIBROS
945 _awfj